书目信息 |
| 题名: |
全球变化与人文社会科学问题
|
|
| 作者: | 林海 , 曲建升 , 孙成权 主编 | |
| 分册: | ||
| 出版信息: | 北京 气象出版社 2003.05 |
|
| 页数: | 198页 | |
| 开本: | 26cm | |
| 丛书名: | 全球变化研究系列文集 | |
| 单 册: | ||
| 中图分类: | X21 | |
| 科图分类: | ||
| 主题词: | 全球环境--变化--关系--人文科学--问题--研究 | |
| 电子资源: | ||
| ISBN: | 7-5029-3568-1 | |
| 000 | 01106nam 2200277 450 | |
| 001 | 0140395161 | |
| 005 | 20050820003943.12 | |
| 010 | @a7-5029-3568-1@dCNY30.00 | |
| 100 | @a20041205d2003 km y0chiy0120 ea | |
| 101 | 0 | @achi |
| 102 | @aCN@b110000 | |
| 105 | @aa z 000yy | |
| 200 | 1 | @a全球变化与人文社会科学问题@Aquan qiu bian hua yu ren wen she hui ke xue wen ti@f孙成权, 林海, 曲建升主编@Fsun cheng quan,lin hai,qu jian sheng zhu bian |
| 210 | @a北京@c气象出版社@d2003.05 | |
| 215 | @a198页@c图@d26cm | |
| 225 | 2 | @a全球变化研究系列文集@v6 |
| 300 | @a国家自然科学基金委员会地球科学部委托项目,《国际全球变化前沿动态与科学进展》资助。 | |
| 330 | @a本书详细介绍了国际全球化研究的人文社会科学研究计划,阐述了全球环境与土地演化、法制因素、工业转型、可持续发展以及人类健康与人类安全等的关系。 | |
| 410 | 0 | @12001 @a全球变化研究系列文集 |
| 606 | 0 | @a全球环境@x变化@x关系@x人文科学@x问题@x研究 |
| 690 | @aX21@v4 | |
| 701 | 0 | @a林海@Alin hai@4主编 |
| 701 | 0 | @a曲建升@Aqu jian sheng@4主编 |
| 701 | 0 | @a孙成权@Asun cheng quan@4主编 |
| 801 | 0 | @aCN@bQSSK@c20050820 |
| 905 | @a10447@dX21@eL503 | |
| 全球变化与人文社会科学问题/孙成权, 林海, 曲建升主编.-北京:气象出版社,2003.05 |
| 198页:图;26cm.-(全球变化研究系列文集;6) |
| 国家自然科学基金委员会地球科学部委托项目,《国际全球变化前沿动态与科学进展》资助。 |
| ISBN 7-5029-3568-1:CNY30.00 |
| 本书详细介绍了国际全球化研究的人文社会科学研究计划,阐述了全球环境与土地演化、法制因素、工业转型、可持续发展以及人类健康与人类安全等的关系。 |
| ● |
| 相关链接 |
|
|
|
正题名:全球变化与人文社会科学问题
索取号:X21/L503
 
预约/预借
| 序号 | 登录号 | 条形码 | 馆藏地/架位号 | 状态 | 备注 |
| 1 | 564603 | 205646032 | 自科库501/501自科库 64排1列4层/ [索取号:X21/L503] | 在馆 | |
| 2 | 564604 | 205646041 | 自科库501/501自科库 64排1列4层/ [索取号:X21/L503] | 在馆 | |
| 3 | 564605 | 205646050 | 期刊室512/501自科库 64排1列4层/ [索取号:X21/L503] | 在馆 |